| 000 | 00459nam a2200181Ia 4500 | ||
|---|---|---|---|
| 001 | 11221 | ||
| 005 | 20260306161930.0 | ||
| 008 | 260306t2018||||xx |||||||||||||| ||spa|| | ||
| 041 | _aESP | ||
| 082 |
_a985.019 _bM61 |
||
| 110 | _aMinisterio de Cultura | ||
| 245 | 0 |
_aCristóbal Vaca de Castro : _bordenanzas de tambos (Cusco, 1543) |
|
| 260 | _c2018 | ||
| 300 |
_a147 páginas : _c24 cm. |
||
| 650 | _aGEN | ||
| 654 | _aCHU | ||
| 942 |
_cLIB _dJUS _fJUS _2ddc _n |
||
| 999 |
_c11221 _d11221 |
||